March Madness Winners - Statistics

General Stats
  • This quiz has been taken 319 times
    6 since last reset
  • The average score is 65 of 87
Answer Stats
Hint Answer % Correct
2011 Connecticut
100%
2004 Connecticut
100%
1999 Connecticut
100%
2025 Florida
100%
2007 Florida
100%
2006 Florida
100%
2022 Kansas
100%
2008 Kansas
100%
1988 Kansas
100%
1952 Kansas
100%
2012 Kentucky
100%
1998 Kentucky
100%
1996 Kentucky
100%
1978 Kentucky
100%
1958 Kentucky
100%
1951 Kentucky
100%
1949 Kentucky
100%
1948 Kentucky
100%
2026 Michigan
100%
1989 Michigan
100%
1939 Oregon
100%
1995 UCLA
100%
1975 UCLA
100%
1973 UCLA
100%
1972 UCLA
100%
1971 UCLA
100%
1970 UCLA
100%
1969 UCLA
100%
1968 UCLA
100%
1967 UCLA
100%
1965 UCLA
100%
1964 UCLA
100%
2024 UConn
100%
2023 UConn
100%
2014 UConn
100%
2018 Villanova
100%
2016 Villanova
100%
1985 Villanova
100%
1997 Arizona
80%
2021 Baylor
80%
2015 Duke
80%
2010 Duke
80%
2001 Duke
80%
1992 Duke
80%
1991 Duke
80%
1987 Indiana
80%
1981 Indiana
80%
1976 Indiana
80%
1953 Indiana
80%
1940 Indiana
80%
2000 Michigan State
80%
1979 Michigan State
80%
2019 Virginia
80%
2013 Louisville
60%
1986 Louisville
60%
1980 Louisville
60%
2017 North Carolina
60%
2009 North Carolina
60%
2005 North Carolina
60%
1993 North Carolina
60%
1982 North Carolina
60%
1957 North Carolina
60%
1960 Ohio State
60%
1946 Oklahoma A&M
60%
1945 Oklahoma A&M
60%
1944 Utah
60%
1941 Wisconsin
60%
1959 California
40%
1950 CCNY
40%
1962 Cincinnati
40%
1961 Cincinnatti
40%
1963 Loyola Chicago
40%
2002 Maryland
40%
1956 San Francisco
40%
1955 San Francisco
40%
2003 Syracuse
40%
1990 UNLV
40%
1943 Wyoming
40%
1994 Arkansas
20%
1984 Georgetown
20%
1947 Holy Cross
20%
1954 La Salle
20%
1977 Marquette
20%
1983 NC State
20%
1974 NC State
20%
1942 Stanford
20%
1966 Texas Western
20%
No matching quizzes found
Score Distribution
Percent of People with Each Score
Percentile by Number Answered
Your Score History
You have not taken this quiz since the last reset